书目信息 |
| 题名: |
劳动经济与劳动管理
|
|
| 作者: | 赵履宽 , 潘金云 著 | |
| 分册: | ||
| 出版信息: | 北京 北京出版社 1984 |
|
| 页数: | 260页 | |
| 开本: | 20cm | |
| 丛书名: | ||
| 单 册: | ||
| 中图分类: | F24 | |
| 科图分类: | ||
| 主题词: | 劳动经济 , 劳动经济 | |
| 电子资源: | ||
| ISBN: | ||
| 000 | 00693nam0 2200265 45 | |
| 001 | 0184001393 | |
| 005 | 20040428150135.0 | |
| 010 | @dCNY1.05 | |
| 091 | @a4071.76 | |
| 100 | @a19951012d1984 em y0chiy0121 ea | |
| 101 | 0 | @achi |
| 102 | @aCN@b110000 | |
| 105 | @ay z 000yy | |
| 106 | @ar | |
| 200 | 10 | @a劳动经济与劳动管理@Alao dong jing ji yu lao dong guan li@f赵履宽,潘金云著 |
| 210 | @a北京@c北京出版社@d1984 | |
| 215 | @a260页@d20cm | |
| 606 | @a劳动经济 | |
| 606 | 0 | @a劳动经济 |
| 690 | @aF24 | |
| 701 | 0 | @a赵履宽@4著@Azhao lu kuan |
| 701 | 0 | @a潘金云@4著@Apan jin yun |
| 801 | 0 | @aCN@b深圳图书馆@c20040428 |
| 801 | 2 | @aCN@bNLC@c20040428 |
| 905 | @f1@b126774@dF24@e11 | |
| 劳动经济与劳动管理/赵履宽,潘金云著.-北京:北京出版社,1984 |
| 260页;20cm |
| ISBN :CNY1.05 |
| ● |
| 相关链接 |
|
|
|
|
正题名:劳动经济与劳动管理
索取号:F24/11
 
预约/预借
| 序号 | 登录号 | 条形码 | 馆藏地/架位号 | 状态 | 备注 |
| 1 | 0126774 | 000209535 | 第一借阅区/ [索取号:F24/11] | 在馆 | |
| 2 | 0126775 | 000209571 | 第一样本阅览室/ [索取号:F24/11] | 在馆 |